| 000 | 01609nam a2200313 a 4500 | ||
|---|---|---|---|
| 001 | BRCA_3212 | ||
| 005 | 20190320204151.0 | ||
| 008 | 270209s1761----enka---###---#000-0#eng-# | ||
| 041 | _aeng | ||
| 044 | _aenk | ||
| 084 |
_a513 _b.O83 _c1761 |
||
| 100 | 1 |
_aCervantes Saavedra, Miguel de _d1547-1616 _9213 |
|
| 245 | 1 | 0 |
_aThe History and Adventures of the Renowned Don Quixote _cTranslated from the Spanish of Miguel de Cervantes Saavedra. |
| 250 | _a2 | ||
| 260 |
_aLondres _bT. Osborne _c1761 |
||
| 300 |
_a4 v. _bil. _c18 cm. |
||
| 500 | _aContenido : v.1. Primera parte. Vida de Cervantes. Nota del traductor. Prólogo de Cervantes. -- v.2. Primera parte. Texto. -- v.3. Segunda parte. Texto. -- v.4. Texto | ||
| 500 | _aEdición : To which is Prefixed, some Account of the Author´s Life by T. Smollett. Illustrated with 28 new Copper-Plates, designed by Hayman, and Elegantly Engraved | ||
| 500 | _aSegunda edición de la traducción de Smollett. Se distingue de la primera en haber suprimido el prólogo de Cervantes a la segunda parte, y las aprobaciones y licencias de la edición de Cuesta. Edición económica, bastante bien impresa. Piel; lomos y planos decorados con dorados Lúdovik Osterc | ||
| 500 | _aQM750 | ||
| 546 | _aTexto en : inglés | ||
| 650 | 1 | 4 |
_aNovela española _yÉpoca clásica, 1500-1700 _9215 |
| 650 | 1 | 4 |
_aLiteratura española _yÉpoca clásica, 1500-1700 _9216 |
| 650 | 1 | 4 |
_aNovela española _ySiglo XVII _9217 |
| 650 | 1 | 4 |
_aDon Quijote (Personaje ficticio) _eNovela _9218 |
| 740 | 0 | _aEl Ingenioso Hidalgo Don Quijote de la Mancha | |
| 902 | _aQFM | ||
| 942 |
_2lcc _cB |
||
| 999 |
_c2948 _d2948 |
||